000 00850nam a2200181Ia 4500
008 151202s9999||||xx |||||||||||||| ||und||
082 _bPNVM-86254
100 _aखांडेकर वि. स. / संपा. लवटे सुनीलकुमार.
245 _aअजून येतो वास फुलांना.
260 _b"मेहता पब्लिशिंग हाऊस,पुणे."
260 _c2006
300 _a76
600 _aखांडेकर वि. स. / संपा. लवटे सुनीलकुमार.
630 _aअजून येतो वास फुलांना.
700 _aखांडेकर वि. स. / संपा. लवटे सुनीलकुमार.
730 _aअजून येतो वास फुलांना.
942 _cBOOK
999 _c1350300
_d1350297